[Event "SVK-chT1W 2122"]
[Site "Slovakia"]
[Date "2022.02.13"]
[Round "7.7"]
[White "Bochnickova, Simona"]
[Black "Gyuricsek, Szilard"]
[Result "1/2-1/2"]
[WhiteElo "1880"]
[BlackElo "1817"]
[PlyCount "58"]
[EventDate "2021.11.06"]
[EventType "team-tourn"]
[EventRounds "11"]
[EventCountry "SVK"]
[SourceTitle "EXT 2023"]
[Source "ChessBase"]
[SourceDate "2022.10.05"]
[SourceVersion "1"]
[SourceVersionDate "2022.10.05"]
[SourceQuality "1"]
[WhiteTeam "Bratislava KSN"]
[BlackTeam "Komarno"]
[WhiteTeamCountry "SVK"]
[BlackTeamCountry "SVK"]

1. e4 e5 2. Nf3 Nc6 3. d4 exd4 4. Nxd4 Bc5 5. Nb3 Bb6 6. Nc3 d6 7. Qe2 h6 8. a4 a6 9. Be3 Bxe3 10. Qxe3 Nf6 11. 0-0-0 Qe7 12. h3 Be6 13. Bd3 Bxb3 14. cxb3 0-0-0 15. Rhe1 Kb8 16. f3 Rhe8 17. Qf2 Qf8 18. Bf1 g6 19. Kb1 Nd7 20. Nd5 f5 21. Qc2 fxe4 22. fxe4 Nf6 23. Rc1 Nxd5 24. exd5 Rxe1 25. Rxe1 Ne5 26. Bc4 Qf5 27. Rf1 Qxc2+ 28. Kxc2 Kc8 29. a5 Kd7 1/2-1/2

[Event "SVK-chT2B 1819"]
[Site "Slovakia"]
[Date "2019.04.07"]
[Round "11.8"]
[White "Miciak, Emanuel"]
[Black "Gyuricsek, Szilard"]
[Result "1-0"]
[WhiteElo "1853"]
[BlackElo "1724"]
[PlyCount "91"]
[EventDate "2018.10.13"]
[EventType "team-tourn"]
[EventRounds "11"]
[EventCountry "SVK"]
[SourceTitle "EXT 2020"]
[Source "ChessBase"]
[SourceDate "2019.10.17"]
[SourceVersion "1"]
[SourceVersionDate "2019.10.17"]
[SourceQuality "1"]
[WhiteTeam "Nemsova Horne Srnie"]
[BlackTeam "Komarno II"]
[WhiteTeamCountry "SVK"]
[BlackTeamCountry "SVK"]

1. d4 g6 2. c4 Bg7 3. Nc3 c5 4. d5 Bxc3+ 5. bxc3 f5 6. Rb1 Qa5 7. Qc2 d6 8. Bf4 Nd7 9. Nf3 Nb6 10. e3 Bd7 11. Bd3 Nf6 12. h3 Ne4 13. Bxe4 fxe4 14. Nd2 Qa6 15. 0-0 Nxc4 16. Nxc4 Qxc4 17. Rxb7 Qxd5 18. Qb2 Be6 19. c4 Qxb7 20. Qxb7 Kf7 21. Qxe4 Rab8 22. Qf3 Kg7 23. Qe4 Kf7 24. Bh6 Rhd8 25. g4 Rb4 26. Rc1 Rdb8 27. Qf4+ Ke8 28. Qe4 Kf7 29. Qf4+ Ke8 30. Bg7 R8b6 31. Qe4 Kf7 32. Bh6 Ra4 33. Qa8 Bd7 34. Qf8+ Ke6 35. Qg8+ Kf6 36. Bg7+ Kg5 37. f4+ Kh4 38. Qxh7+ Kg3 39. Bc3 Rxa2 40. Be1+ Kf3 41. Qh4 Rg2+ 42. Kf1 Rbb2 43. Rc3 g5 44. e4+ Kxe4 45. Qh7+ Kxf4 46. Qf7+ 1-0

[Event "SVK-chT1W 1819"]
[Site "Slovakia"]
[Date "2019.02.23"]
[Round "8.8"]
[White "Walterova, Ema"]
[Black "Gyuricsek, Szilard"]
[Result "1-0"]
[WhiteElo "1725"]
[BlackElo "1752"]
[PlyCount "117"]
[EventDate "2018.10.27"]
[EventType "team-tourn"]
[EventRounds "11"]
[EventCountry "SVK"]
[SourceTitle "CBM 189 Extra"]
[Source "ChessBase"]
[SourceDate "2019.05.31"]
[SourceVersion "1"]
[SourceVersionDate "2019.05.31"]
[SourceQuality "1"]
[WhiteTeam "Bratislava KSN"]
[BlackTeam "Batorove Kosihy"]
[WhiteTeamCountry "SVK"]
[BlackTeamCountry "SVK"]

1. e4 c5 2. Nf3 d6 3. d4 cxd4 4. Nxd4 Nf6 5. Nc3 g6 6. Be3 Bg7 7. Be2 0-0 8. 0-0 Nc6 9. h3 Bd7 10. Qd2 a6 11. Rad1 Re8 12. a3 Rc8 13. Nf3 Na5 14. e5 dxe5 15. Nxe5 Bb5 16. Qxd8 Rexd8 17. Rxd8+ Rxd8 18. Nxb5 axb5 19. Bb6 Rd5 20. f4 Nc6 21. Nxc6 bxc6 22. Bf3 Rd6 23. Bc5 Re6 24. Rd1 Bh6 25. g3 Ne4 26. Rd8+ Bf8 27. Bf2 Kg7 28. Rc8 f5 29. Kg2 Kf7 30. Bd4 Rd6 31. Bxe4 fxe4 32. Bc3 Bg7 33. Bxg7 Kxg7 34. Kf1 Kf7 35. Ke2 Ke6 36. Ke3 Kd7 37. Rh8 h5 38. g4 hxg4 39. hxg4 Re6 40. Rh1 Rd6 41. Kxe4 Rd2 42. Rc1 Kc7 43. b3 Rg2 44. g5 Rh2 45. c4 bxc4 46. Rxc4 Rh3 47. Rb4 c5 48. Rb5 Kc6 49. a4 Rc3 50. f5 gxf5+ 51. Kxf5 Rg3 52. b4 e6+ 53. Kf6 cxb4 54. Rxb4 Kd6 55. g6 Rf3+ 56. Kg5 Rf8 57. g7 Rg8 58. Kg6 Ke7 59. Rb7+ 1-0

[Event "SVK-ch U16"]
[Site "Liptovsky Mikulas"]
[Date "2018.04.22"]
[Round "2"]
[White "Gyuricsek, Szilard"]
[Black "Kardis, Benjamin"]
[Result "0-1"]
[WhiteElo "1465"]
[BlackElo "1853"]
[PlyCount "146"]
[EventDate "2018.04.21"]
[EventType "swiss"]
[EventRounds "9"]
[EventCountry "SVK"]
[SourceTitle "CBM 184 Extra"]
[Source "ChessBase"]
[SourceDate "2018.06.28"]
[SourceVersion "1"]
[SourceVersionDate "2018.06.28"]
[SourceQuality "1"]

1. e4 Nc6 2. Nf3 e6 3. d4 Nf6 4. Bd3 Nb4 5. Be3 b6 6. c3 Nxd3+ 7. Qxd3 d6 8. 0-0 Be7 9. Nbd2 0-0 10. h3 a5 11. b3 Ba6 12. c4 d5 13. e5 dxc4 14. bxc4 Nd5 15. Rfd1 Nxe3 16. Qxe3 c5 17. Ne4 cxd4 18. Rxd4 Qc7 19. Rad1 Rad8 20. Nd6 Qc5 21. Ng5 Rxd6 22. exd6 Bxg5 23. Qg3 Bf6 24. Re4 Bxc4 25. Rc1 b5 26. a4 Qd5 27. Re3 Bg5 28. f4 Bf6 29. axb5 Bd4 30. Kh1 Bxe3 31. Qxe3 Bxb5 32. Rc5 Qd3 33. Qe5 Bc4 34. d7 Qxd7 35. Rxc4 Qa7 36. Rc5 a4 37. Ra5 Qb6 38. Rxa4 Rd8 39. Qa1 Qc6 40. Ra6 Qd5 41. Kh2 h6 42. Ra5 Qd2 43. Qe5 Qf2 44. Qe4 Qd4 45. Qf3 Kh7 46. f5 e5 47. Qg3 e4 48. Qc7 Rd7 49. Qe5 Qb4 50. f6 g6 51. Qe8 Qxa5 52. Qxd7 Qe5+ 53. Kh1 Qxf6 54. Qd5 Qe6 55. Qd2 Qc4 56. Qf4 Qd5 57. Kh2 Kg7 58. h4 Qf5 59. Qe3 Qe5+ 60. Kh1 g5 61. hxg5 hxg5 62. Kg1 Qf4 63. Qd4+ Kh7 64. Qd7 g4 65. Qc8 g3 66. Qc2 Qh4 67. Qc7 Qh2+ 68. Kf1 Qh1+ 69. Ke2 Qxg2+ 70. Ke3 Qf3+ 71. Kd4 g2 72. Qh2+ Kg6 73. Qd6+ f6 0-1

[Event "SVK-ch U16"]
[Site "Liptovsky Mikulas"]
[Date "2018.04.21"]
[Round "1"]
[White "Holly, Andrej"]
[Black "Gyuricsek, Szilard"]
[Result "1-0"]
[WhiteElo "1942"]
[BlackElo "1465"]
[PlyCount "88"]
[EventDate "2018.04.21"]
[EventType "swiss"]
[EventRounds "9"]
[EventCountry "SVK"]
[SourceTitle "CBM 184 Extra"]
[Source "ChessBase"]
[SourceDate "2018.06.28"]
[SourceVersion "1"]
[SourceVersionDate "2018.06.28"]
[SourceQuality "1"]

1. e4 c5 2. Nf3 e6 3. d3 Nc6 4. g3 Bd6 5. Bg2 Nf6 6. 0-0 0-0 7. Re1 Ne5 8. Nxe5 Bxe5 9. c3 Bc7 10. Nd2 Rb8 11. e5 Ne8 12. Qh5 f6 13. Nf3 fxe5 14. Nxe5 Rf5 15. Bg5 Qxg5 16. Qxe8+ Rf8 17. f4 Qf5 18. Qe7 Qf6 19. Qxf6 Rxf6 20. Rad1 d6 21. Nf3 Bd7 22. Re2 h6 23. Rde1 b5 24. Bh3 Re8 25. f5 e5 26. g4 Ref8 27. Nh4 Re8 28. Bg2 Kh7 29. Bd5 Bb6 30. c4 e4 31. Rg2 Rc8 32. g5 Rff8 33. Ng6 Rxf5 34. Ne7 Rxg5 35. Rxg5 hxg5 36. Nxc8 Bxc8 37. Rf1 Bg4 38. Rf8 Be2 39. Bxe4+ g6 40. Rf7+ Kg8 41. Rd7 g4 42. Bxg6 Bd1 43. Kg2 Bf3+ 44. Kg3 d5 1-0

[Event "SVK-ch U14"]
[Site "Liptovsky Mikulas"]
[Date "2017.04.22"]
[Round "1"]
[White "Gyuricsek, Szilard"]
[Black "Gzib, David"]
[Result "0-1"]
[WhiteElo "1457"]
[BlackElo "1864"]
[PlyCount "52"]
[EventDate "2017.04.22"]
[EventType "swiss"]
[EventRounds "9"]
[EventCountry "SVK"]
[SourceTitle "CBM 178 Extra"]
[Source "ChessBase"]
[SourceDate "2017.06.22"]
[SourceVersion "1"]
[SourceVersionDate "2017.06.22"]
[SourceQuality "1"]

1. e4 c5 2. Nf3 Nc6 3. d4 cxd4 4. Nxd4 g6 5. Be3 Nf6 6. Nc3 Bg7 7. f3 0-0 8. Qd2 d5 9. 0-0-0 e6 10. Nxc6 bxc6 11. e5 Nd7 12. f4 Qc7 13. h4 a6 14. h5 c5 15. Bg1 Nb6 16. hxg6 hxg6 17. g4 Bb7 18. Qh2 Rfb8 19. Qh7+ Kf8 20. Bg2 d4 21. Ne4 Bxe4 22. Bxe4 Nd5 23. Qh3 Nxf4 24. Qf3 Qxe5 25. Bxa8 d3 26. c3 Ne2+ 0-1

[Event "SVK-ch U14"]
[Site "Liptovsky Mikulas"]
[Date "2016.04.18"]
[Round "3"]
[White "Gyuricsek, Szilard"]
[Black "Sandor, Martin"]
[Result "1/2-1/2"]
[WhiteElo "1378"]
[BlackElo "1746"]
[PlyCount "45"]
[EventDate "2016.04.16"]
[EventType "swiss"]
[EventRounds "9"]
[EventCountry "SVK"]
[SourceTitle "CBM 172 Extra"]
[Source "ChessBase"]
[SourceDate "2016.06.21"]
[SourceVersion "1"]
[SourceVersionDate "2016.06.21"]
[SourceQuality "1"]

1. e4 c5 2. Nf3 d6 3. d4 cxd4 4. Nxd4 Nf6 5. Nc3 a6 6. Bg5 e6 7. f3 Be7 8. Bd3 Nbd7 9. Qd2 Qc7 10. 0-0-0 0-0 11. Kb1 b5 12. g4 b4 13. Nce2 Rb8 14. h4 Nc5 15. Bxf6 Bxf6 16. g5 Bxd4 17. Nxd4 Bd7 18. h5 f5 19. gxf6 Rxf6 20. Rhg1 Na4 21. Qg5 Rf7 22. Nb3 Bb5 23. Bxb5 1/2-1/2

[Event "SVK-ch U12"]
[Site "Tatralandia"]
[Date "2015.04.24"]
[Round "8"]
[White "Gyuricsek, Szilard"]
[Black "Gzib, David"]
[Result "0-1"]
[WhiteElo "1347"]
[BlackElo "1601"]
[PlyCount "124"]
[EventDate "2015.04.18"]
[EventType "swiss"]
[EventRounds "9"]
[EventCountry "SVK"]
[SourceTitle "CBM 166 Extra"]
[Source "ChessBase"]
[SourceDate "2015.06.18"]
[SourceVersion "1"]
[SourceVersionDate "2015.06.18"]
[SourceQuality "1"]

1. e4 e5 2. Nf3 Nc6 3. d4 exd4 4. Bc4 Nf6 5. 0-0 Nxe4 6. Re1 d5 7. Bxd5 Qxd5 8. Nc3 Qh5 9. Nxe4 Be6 10. Neg5 0-0-0 11. Nxe6 fxe6 12. Rxe6 Bd6 13. Bd2 Rhe8 14. Re2 Rxe2 15. Qxe2 Bxh2+ 16. Kf1 Re8 17. Qc4 Bd6 18. Re1 Rxe1+ 19. Bxe1 Qg4 20. c3 Kd7 21. Qf7+ Ne7 22. Nxd4 Qg6 23. Qxg6 Nxg6 24. Nf5 Be5 25. Bd2 Ne7 26. Nxe7 Kxe7 27. Ke2 Ke6 28. Ke3 Kf5 29. Kf3 h5 30. g3 g5 31. a4 a6 32. a5 c6 33. b4 g4+ 34. Ke2 Ke4 35. Be1 Bd6 36. Bd2 Be5 37. Be1 Bc7 38. Bd2 b6 39. axb6 Bxb6 40. Bc1 Bc7 41. Bd2 Be5 42. Be1 Bd6 43. Bd2 c5 44. bxc5 Bxc5 45. Be1 a5 46. Kd2 a4 47. Kc2 a3 48. c4 Kd4 49. Kb3 Kd3 50. Bc3 Bxf2 51. Be5 Bd4 52. Bd6 a2 53. Kxa2 Kxc4 54. Kb1 Kd5 55. Bf4 Be5 56. Kc2 Bxf4 57. Kd1 Bxg3 58. Ke2 Ke4 59. Kf1 Kf3 60. Kg1 Bb8 61. Kh1 g3 62. Kg1 Ba7+ 0-1

[Event "Tatabanya Regional-ch"]
[Site "Tatabanya"]
[Date "2014.12.29"]
[Round "6"]
[White "Gyuricsek, Szilard"]
[Black "Molnar, Erno"]
[Result "1/2-1/2"]
[WhiteElo "1274"]
[BlackElo "2027"]
[PlyCount "64"]
[EventDate "2014.12.27"]
[EventType "swiss"]
[EventRounds "7"]
[EventCountry "HUN"]
[SourceTitle "CBM 164 Extra"]
[Source "ChessBase"]
[SourceDate "2015.03.02"]
[SourceVersion "1"]
[SourceVersionDate "2015.03.02"]
[SourceQuality "1"]

1. e4 c5 2. Nf3 Nc6 3. d4 cxd4 4. Nxd4 Nf6 5. Nc3 e5 6. Nb3 Bb4 7. Bd3 d5 8. exd5 Nxd5 9. Bd2 Bxc3 10. Bxc3 Nxc3 11. bxc3 0-0 12. 0-0 Qe7 13. Re1 f5 14. Bb5 Bd7 15. Qd5+ Be6 16. Qc5 Bxb3 17. Qxe7 Nxe7 18. cxb3 Ng6 19. Bc4+ Kh8 20. f3 Rad8 21. Rad1 h6 22. a4 b6 23. Rxd8 Rxd8 24. Bf7 Kh7 25. Bxg6+ Kxg6 26. Rxe5 Rd3 27. Re6+ Kh7 28. Rc6 Rd1+ 29. Kf2 Rb1 30. b4 Ra1 31. a5 bxa5 32. Ra6 a4 1/2-1/2

[Event "Tatabanya Genius Cup 2nd"]
[Site "Tatabanya"]
[Date "2014.09.05"]
[Round "4"]
[White "Gyuricsek, Szilard"]
[Black "Bak, Tamas"]
[Result "1/2-1/2"]
[WhiteElo "1232"]
[BlackElo "1857"]
[PlyCount "81"]
[EventDate "2014.08.31"]
[EventType "swiss"]
[EventRounds "6"]
[EventCountry "HUN"]
[SourceTitle "EXT 2019"]
[Source "ChessBase"]
[SourceDate "2018.10.10"]
[SourceVersion "1"]
[SourceVersionDate "2018.10.10"]
[SourceQuality "1"]

1. e4 e5 2. Nf3 Nc6 3. d4 exd4 4. Bc4 d6 5. Nxd4 Ne5 6. Bb3 Nf6 7. Nc3 Be7 8. 0-0 0-0 9. h3 a6 10. Re1 c5 11. Nf3 Nxf3+ 12. Qxf3 Be6 13. Bd5 Qc7 14. Bf4 Rad8 15. Rad1 b5 16. e5 dxe5 17. Bxe5 Qb6 18. Bxe6 Qxe6 19. Bxf6 Qxf6 20. Nd5 Rxd5 21. Rxd5 c4 22. Qxf6 Bxf6 23. c3 h6 24. Rd6 a5 25. Rb6 b4 26. cxb4 axb4 27. Rxb4 c3 28. Re2 cxb2 29. Rexb2 Bxb2 30. Rxb2 Ra8 31. Kf1 f5 32. Ke2 g5 33. Kd3 Kf7 34. Re2 Kf6 35. f3 h5 36. Kc3 g4 37. fxg4 fxg4 38. h4 Kf5 39. Kb3 Rb8+ 40. Ka3 Kf4 41. Rb2 1/2-1/2